[Event "15. Obert Int. Sant Martí 2013 - B"]
[Site "Barcelona ESP"]
[Date "2013.07.21"]
[Round "9.54"]
[White "Demestres Lopez, Ricard"]
[Black "Riu Lopez, Sergi"]
[Result "0-1"]
[WhiteElo "1668"]
[BlackElo "1503"]
[PlyCount "164"]
[EventDate "2013.07.13"]
[EventType "swiss"]
[EventRounds "9"]
[EventCountry "ESP"]
[SourceTitle "Ajedrez en Madrid"]
[Source "lmi"]
[SourceDate "2013.07.13"]
[SourceVersion "1"]
[SourceVersionDate "2019.06.21"]
[SourceQuality "1"]

1. e4 c5 2. Nf3 Nc6 3. d4 cxd4 4. Nxd4 Nf6 5. Nxc6 bxc6 6. Nc3 g6 7. Bg5 Bg7 8.
Qd2 O-O 9. Bh6 Qb6 10. Bxg7 Kxg7 11. Be2 d6 12. b3 Rd8 13. O-O Be6 14. Bf3 Rac8
15. Qe2 Qc5 16. Na4 Qb5 17. Nc3 Qc5 18. Na4 Qa5 19. c4 Qe5 20. Rfe1 d5 21. exd5
Qxe2 22. Rxe2 cxd5 23. cxd5 Nxd5 24. Rd2 Nb4 25. Rxd8 Rxd8 26. Nc5 Bf5 27. a3
Nc2 28. Rc1 Nxa3 29. g4 Bc2 30. b4 Rd4 31. Ra1 Nb5 32. Ra2 Bd1 33. Bxd1 Rxd1+
34. Kg2 Rd4 35. h3 Rxb4 36. Ra5 Rb1 37. Kh2 Rb2 38. Kg2 g5 39. Kg3 Kg6 40. Kg2
h5 41. Nd3 Rb1 42. Ne5+ Kf6 43. Nc6 hxg4 44. hxg4 Rb3 45. Nxa7 Nxa7 46. Rxa7 e6
47. Ra5 Rd3 48. Rb5 Rd5 49. Rb7 Rc5 50. Ra7 Kg6 51. Ra6 Re5 52. Kg3 f5 53. f3
Kf6 54. Ra8 Rd5 55. Ra3 Rd1 56. Kg2 Ke5 57. Ra5+ Rd5 58. Ra2 Rd4 59. Ra5+ Kf4
60. Ra2 fxg4 61. fxg4 Kxg4 62. Re2 Kf5 63. Rf2+ Rf4 64. Re2 e5 65. Ra2 g4 66.
Ra8 Rf3 67. Ra4 e4 68. Ra8 Kf4 69. Rg8 g3 70. Rf8+ Ke3 71. Ra8 Ke2 72. Ra2+ Ke3
73. Ra3+ Kf4 74. Ra8 Rf2+ 75. Kg1 Kf3 76. Ra3+ e3 77. Ra8 g2 78. Rf8+ Ke2 79.
Ra8 Ke1 80. Ra1+ Ke2 81. Ra2+ Kf3 82. Ra8 Rf1+ 0-1

[Event "15. Obert Int. Sant Martí 2013 - B"]
[Site "Barcelona ESP"]
[Date "2013.07.21"]
[Round "9.55"]
[White "Mir Bellmunt, Jose"]
[Black "Ballve Monte, Antoni"]
[Result "0-1"]
[WhiteElo "1442"]
[BlackElo "1638"]
[PlyCount "82"]
[EventDate "2013.07.13"]
[EventType "swiss"]
[EventRounds "9"]
[EventCountry "ESP"]
[SourceTitle "Ajedrez en Madrid"]
[Source "lmi"]
[SourceDate "2013.07.13"]
[SourceVersion "1"]
[SourceVersionDate "2019.06.21"]
[SourceQuality "1"]

1. e4 e5 2. Nc3 Nc6 3. a3 Nf6 4. Bc4 Bc5 5. h3 a6 6. Nf3 b5 7. Ba2 b4 8. axb4
Bxb4 9. Ng5 O-O 10. O-O h6 11. Nf3 d6 12. d4 exd4 13. Nxd4 Ne5 14. Re1 Bb7 15.
f4 Ng6 16. e5 dxe5 17. fxe5 Nd5 18. Qf3 Bc5 19. Bxd5 Bxd4+ 20. Kh1 Bxc3 21.
Bxb7 Bxe1 22. Bxh6 gxh6 23. Rxe1 Rb8 24. Bxa6 Rxb2 25. Bd3 Qb8 26. Qg4 Kg7 27.
e6 Rb4 28. Qg3 c5 29. Qe3 fxe6 30. Qxe6 Rf6 31. Qe3 Rb1 32. Rxb1 Qxb1+ 33. Kh2
Qb8+ 34. Kh1 Qd6 35. Qe4 Re6 36. Qb7+ Re7 37. Qb2+ Kh7 38. Qb1 Qe5 39. Bxg6+
Kxg6 40. c4+ Kg7 41. Qd3 Ra7 0-1

[Event "15. Obert Int. Sant Martí 2013 - B"]
[Site "Barcelona ESP"]
[Date "2013.07.21"]
[Round "9.56"]
[White "Hernando Rodrigo, Lourdes"]
[Black "Aunes Cabanero, Jose"]
[Result "1-0"]
[WhiteElo "1777"]
[BlackElo "1565"]
[PlyCount "52"]
[EventDate "2013.07.13"]
[EventType "swiss"]
[EventRounds "9"]
[EventCountry "ESP"]
[SourceTitle "Ajedrez en Madrid"]
[Source "lmi"]
[SourceDate "2013.07.13"]
[SourceVersion "1"]
[SourceVersionDate "2019.06.21"]
[SourceQuality "1"]

1. d4 Nf6 2. Nf3 e6 3. e3 d6 4. Bd3 c6 5. c4 b6 6. Nc3 Qc7 7. O-O Bb7 8. e4
Nbd7 9. Qe2 Be7 10. Re1 O-O 11. Bg5 h6 12. Bh4 Rfe8 13. e5 dxe5 14. dxe5 Nh7
15. Qe4 Nhf8 16. Bxe7 Rxe7 17. Qh4 Nc5 18. Bc2 Rd7 19. Red1 Rad8 20. Rxd7 Rxd7
21. a3 Na6 22. Ne4 c5 23. Nf6+ gxf6 24. exf6 Bxf3 25. Qxh6 Rd1+ 26. Rxd1 Qxh2+
1-0

[Event "15. Obert Int. Sant Martí 2013 - B"]
[Site "Barcelona ESP"]
[Date "2013.07.21"]
[Round "9.57"]
[White "Rovira Ruiz, Enric"]
[Black "Martinez Torras, Pol"]
[Result "1-0"]
[WhiteElo "1765"]
[BlackElo "1530"]
[PlyCount "65"]
[EventDate "2013.07.13"]
[EventType "swiss"]
[EventRounds "9"]
[EventCountry "ESP"]
[SourceTitle "Ajedrez en Madrid"]
[Source "lmi"]
[SourceDate "2013.07.13"]
[SourceVersion "1"]
[SourceVersionDate "2019.06.21"]
[SourceQuality "1"]

1. e4 e5 2. Nf3 Nc6 3. Bb5 a6 4. Bxc6 dxc6 5. Nc3 Bd6 6. d4 exd4 7. Nxd4 Nf6 8.
f3 h6 9. Be3 Qe7 10. Qd2 Bd7 11. O-O-O c5 12. Nb3 a5 13. Qf2 c4 14. Nd2 b5 15.
Bd4 c5 16. Nd5 Nxd5 17. exd5 Qg5 18. Rhe1+ Kd8 19. Bxc5 Qxd5 20. Ne4 Bf4+ 21.
Kb1 Qc6 22. Nd6 Bxd6 23. Rxd6 Qb7 24. Red1 Kc8 25. Rxd7 Qc6 26. Qd4 Qf6 27.
Qxf6 gxf6 28. Rxf7 Ra6 29. Bd6 Rxd6 30. Rxd6 Re8 31. Kc1 b4 32. Rc6+ Kd8 33.
Ra6 1-0

[Event "15. Obert Int. Sant Martí 2013 - B"]
[Site "Barcelona ESP"]
[Date "2013.07.21"]
[Round "9.58"]
[White "Fernandez Benito, Fco. Javier"]
[Black "Martin Palau, Roger"]
[Result "0-1"]
[WhiteElo "1702"]
[BlackElo "1492"]
[PlyCount "96"]
[EventDate "2013.07.13"]
[EventType "swiss"]
[EventRounds "9"]
[EventCountry "ESP"]
[SourceTitle "Ajedrez en Madrid"]
[Source "lmi"]
[SourceDate "2013.07.13"]
[SourceVersion "1"]
[SourceVersionDate "2019.06.21"]
[SourceQuality "1"]

1. d4 e6 2. Nf3 d5 3. Bf4 Nf6 4. Nbd2 c5 5. e3 Qb6 6. b3 cxd4 7. Nxd4 Bb4 8.
Bxb8 Rxb8 9. c4 Bc3 10. Rc1 Bxd4 11. exd4 Qxd4 12. cxd5 Qxd5 13. Nf3 O-O 14.
Qc2 Bd7 15. Bc4 Qe4+ 16. Qxe4 Nxe4 17. O-O Bc6 18. Rfd1 Rfd8 19. h3 Rbc8 20. a4
Bd5 21. Bxd5 Rxc1 22. Rxc1 exd5 23. Nd4 Kf8 24. Rc7 Nd6 25. Rc5 Ne4 26. Rc7 Rb8
27. Rd7 Nf6 28. Rc7 Ke8 29. f3 Nd7 30. Rc1 Kd8 31. Nf5 g6 32. Nd6 Ke7 33. Nb5
a6 34. Nd4 Kd6 35. Kf2 Re8 36. Rd1 Ne5 37. Ke2 Nc6+ 38. Kd3 Nxd4 39. Kxd4 Re2
40. Rg1 f5 41. g4 f4 42. Rc1 Re3 43. Rc5 Rd3+ 44. Kxd3 Kxc5 45. Kc3 d4+ 46. Kd3
g5 47. b4+ Kxb4 48. Kxd4 Kxa4 0-1

[Event "15. Obert Int. Sant Martí 2013 - B"]
[Site "Barcelona ESP"]
[Date "2013.07.21"]
[Round "9.59"]
[White "Herrerias Gonzalez, Andreu"]
[Black "Martinez Navarro, Miquel"]
[Result "0-1"]
[WhiteElo "1592"]
[BlackElo "1641"]
[PlyCount "60"]
[EventDate "2013.07.13"]
[EventType "swiss"]
[EventRounds "9"]
[EventCountry "ESP"]
[SourceTitle "Ajedrez en Madrid"]
[Source "lmi"]
[SourceDate "2013.07.13"]
[SourceVersion "1"]
[SourceVersionDate "2019.06.21"]
[SourceQuality "1"]

1. d4 d5 2. c4 c6 3. Nc3 Nf6 4. Nf3 h6 5. e3 Bg4 6. cxd5 Nxd5 7. Nxd5 Qxd5 8.
Be2 e6 9. O-O Bd6 10. b3 Nd7 11. Ne1 Qh5 12. f4 Bxe2 13. Qd2 Bxf1 14. Kxf1 Nf6
15. Bb2 Ne4 16. Qd3 Qg6 17. d5 exd5 18. Rc1 O-O 19. Rc2 Bb4 20. Qe2 Bxe1 21.
Kxe1 Rfe8 22. g4 f5 23. h3 fxg4 24. hxg4 Nf6 25. g5 hxg5 26. fxg5 Qxg5 27. Bxf6
gxf6 28. Kf1 Rxe3 29. Qd1 Rae8 30. Rg2 Re1+ 0-1

[Event "15. Obert Int. Sant Martí 2013 - B"]
[Site "Barcelona ESP"]
[Date "2013.07.21"]
[Round "9.60"]
[White "Sanchez Viana, Jordi"]
[Black "Olleta Tanya, Jordi"]
[Result "0-1"]
[WhiteElo "1626"]
[BlackElo "1527"]
[PlyCount "122"]
[EventDate "2013.07.13"]
[EventType "swiss"]
[EventRounds "9"]
[EventCountry "ESP"]
[SourceTitle "Ajedrez en Madrid"]
[Source "lmi"]
[SourceDate "2013.07.13"]
[SourceVersion "1"]
[SourceVersionDate "2019.06.21"]
[SourceQuality "1"]

1. e4 e6 2. d4 d5 3. e5 Be7 4. Qg4 g6 5. Qd1 Bg5 6. Nd2 Ne7 7. Ngf3 Bh6 8. Bd3
Nf5 9. O-O O-O 10. h3 Nd7 11. Bxf5 exf5 12. Re1 Re8 13. c4 dxc4 14. Nxc4 Bxc1
15. Qxc1 Kg7 16. Qc3 Nf8 17. Rad1 b5 18. Na5 Qd5 19. Rc1 Ne6 20. a3 Bd7 21. b4
a6 22. h4 Rac8 23. Nb3 h6 24. Nc5 Nxc5 25. dxc5 Be6 26. Qe3 Qb3 27. Rc3 Qa2 28.
Re2 Qd5 29. Rd2 Qe4 30. Qxe4 fxe4 31. Nd4 Bc4 32. a4 Rxe5 33. axb5 axb5 34. Nc6
Re6 35. Na5 Bd3 36. Nb3 Rd8 37. Nc1 Rd4 38. Nxd3 exd3 39. Rcxd3 Rxb4 40. Rd7
Rc6 41. Re2 Rxc5 42. Ree7 Rf4 43. g3 Rf6 44. Rxc7 Rxc7 45. Rxc7 Rb6 46. Rc1 Kf6
47. Kg2 b4 48. Rb1 Ke5 49. Kf3 Kd4 50. Ke2 Kc3 51. Kd1 b3 52. Rc1+ Kb2 53. Rc7
Ka2 54. Ra7+ Kb1 55. Rxf7 Rd6+ 56. Ke2 b2 57. Rc7 Re6+ 58. Kd2 Rd6+ 59. Ke2 Rb6
60. f4 Ka2 61. Rc2 Kb3 0-1

[Event "15. Obert Int. Sant Martí 2013 - B"]
[Site "Barcelona ESP"]
[Date "2013.07.21"]
[Round "9.61"]
[White "Palomero Galvez, Antonio"]
[Black "Navarro Pastor, Raul"]
[Result "0-1"]
[WhiteElo "1625"]
[BlackElo "1448"]
[PlyCount "78"]
[EventDate "2013.07.13"]
[EventType "swiss"]
[EventRounds "9"]
[EventCountry "ESP"]
[SourceTitle "Ajedrez en Madrid"]
[Source "lmi"]
[SourceDate "2013.07.13"]
[SourceVersion "1"]
[SourceVersionDate "2019.06.21"]
[SourceQuality "1"]

1. d4 Nf6 2. c4 g6 3. Nc3 Bg7 4. e4 d6 5. Bd3 O-O 6. f3 e5 7. d5 Nh5 8. Be3 Nf4
9. Bxf4 exf4 10. Nge2 Qh4+ 11. g3 fxg3 12. Nxg3 Bh3 13. Qe2 Re8 14. O-O-O a6
15. Qc2 Nd7 16. Bf1 Ne5 17. Bxh3 Qxh3 18. Qe2 b5 19. cxb5 axb5 20. Qxb5 Nxf3
21. Qf1 Qxf1 22. Rdxf1 Ne5 23. h4 Reb8 24. Kc2 Nc4 25. Rb1 Ne3+ 26. Kd3 Ng4 27.
Rhf1 Bxc3 28. bxc3 Rxb1 29. Rxb1 Rxa2 30. h5 Rh2 31. hxg6 fxg6 32. Kd4 Rf2 33.
Rb7 Rf7 34. c4 h5 35. c5 h4 36. cxd6 cxd6 37. Rxf7 Kxf7 38. Nh1 Kf6 39. Kd3 Ke5
0-1

[Event "15. Obert Int. Sant Martí 2013 - B"]
[Site "Barcelona ESP"]
[Date "2013.07.21"]
[Round "9.63"]
[White "Custodio Criado, Jofre"]
[Black "Catala Morales, Joaquim"]
[Result "1/2-1/2"]
[WhiteElo "1568"]
[BlackElo "1413"]
[PlyCount "132"]
[EventDate "2013.07.13"]
[EventType "swiss"]
[EventRounds "9"]
[EventCountry "ESP"]
[SourceTitle "Ajedrez en Madrid"]
[Source "lmi"]
[SourceDate "2013.07.13"]
[SourceVersion "1"]
[SourceVersionDate "2019.06.21"]
[SourceQuality "1"]

1. e4 c5 2. Nf3 Nc6 3. d4 cxd4 4. Nxd4 Nf6 5. Nc3 e5 6. Ndb5 d6 7. Bg5 a6 8.
Na3 b5 9. Nd5 Be6 10. Bxf6 gxf6 11. c3 Bg7 12. Nc2 O-O 13. Nce3 Ne7 14. Qf3
Nxd5 15. exd5 Bd7 16. Bd3 Re8 17. Qe4 f5 18. Nxf5 Bxf5 19. Qxf5 Qh4 20. g3 Qh6
21. Be4 Rac8 22. h4 Rc4 23. Bd3 Rc5 24. Be4 b4 25. g4 bxc3 26. bxc3 Rxc3 27.
Ke2 Qg6 28. Rac1 Qxf5 29. Bxf5 e4 30. Rxc3 Bxc3 31. Ke3 Rb8 32. Rc1 Bg7 33. Rc6
a5 34. Ra6 Rb5 35. Rxd6 Rb4 36. Rd8+ Bf8 37. d6 Kg7 38. Bxe4 a4 39. Kd3 Rb6 40.
d7 Rd6+ 41. Ke3 Be7 42. Ra8 Rxd7 43. Rxa4 Bxh4 44. Ra5 h6 45. a4 Bg5+ 46. f4
Bd8 47. Ra6 Bf6 48. Kf3 Rd1 49. Ke2 Rd4 50. Ke3 Rb4 51. Bd5 Bd4+ 52. Kd3 Bg1
53. Bc4 f6 54. Kc3 Rb1 55. Bd3 Rb8 56. Bb5 Be3 57. f5 Rc8+ 58. Rc6 Rd8 59. Rc7+
Kf8 60. Bd7 Ke7 61. Bb5+ Kd6 62. Rc6+ Ke5 63. Rc4 Bd2+ 64. Kc2 Ba5 65. Bc6 Rd2+
66. Kc1 Rh2 1/2-1/2

[Event "15. Obert Int. Sant Martí 2013 - B"]
[Site "Barcelona ESP"]
[Date "2013.07.21"]
[Round "9.64"]
[White "Bernat Mor, Juli"]
[Black "Ylla Soro, Rafael"]
[Result "0-1"]
[WhiteElo "1249"]
[BlackElo "1596"]
[PlyCount "66"]
[EventDate "2013.07.13"]
[EventType "swiss"]
[EventRounds "9"]
[EventCountry "ESP"]
[SourceTitle "Ajedrez en Madrid"]
[Source "lmi"]
[SourceDate "2013.07.13"]
[SourceVersion "1"]
[SourceVersionDate "2019.06.21"]
[SourceQuality "1"]

1. e4 c5 2. Nf3 e6 3. d4 cxd4 4. Nxd4 a6 5. Nc3 Qc7 6. Bc4 Qxc4 7. Nce2 Qc7 8.
O-O Nf6 9. Ng3 Be7 10. Re1 d6 11. b3 Bd7 12. Ba3 Nc6 13. Nf3 b5 14. e5 Nxe5 15.
Nxe5 dxe5 16. Bxe7 Kxe7 17. Nh5 Nxh5 18. Qxh5 g6 19. Qg5+ f6 20. Qe3 Rad8 21.
Rac1 Kf7 22. c3 Kg7 23. Re2 Rhf8 24. Rec2 Qb7 25. c4 bxc4 26. bxc4 Bc6 27. Qh3
Be4 28. Rc3 Rd2 29. c5 Qa7 30. Qxe6 Rfd8 31. f3 Bd5 32. Qb6 Qxb6 33. cxb6 Rb2
0-1

[Event "15. Obert Int. Sant Martí 2013 - B"]
[Site "Barcelona ESP"]
[Date "2013.07.21"]
[Round "9.65"]
[White "Tahay, Romain"]
[Black "Bernat Pascual, Magi"]
[Result "1/2-1/2"]
[WhiteElo "1553"]
[BlackElo "1511"]
[PlyCount "94"]
[EventDate "2013.07.13"]
[EventType "swiss"]
[EventRounds "9"]
[EventCountry "ESP"]
[SourceTitle "Ajedrez en Madrid"]
[Source "lmi"]
[SourceDate "2013.07.13"]
[SourceVersion "1"]
[SourceVersionDate "2019.06.21"]
[SourceQuality "1"]

1. d4 d5 2. c4 c6 3. Nf3 Nf6 4. Nc3 e6 5. Bg5 Nbd7 6. e3 Qa5 7. Bxf6 Nxf6 8. a3
Ne4 9. Qb3 Nxc3 10. Qxc3 Qxc3+ 11. bxc3 Be7 12. cxd5 cxd5 13. c4 dxc4 14. Bxc4
O-O 15. a4 Bd7 16. Ne5 Rfd8 17. Nxd7 Rxd7 18. Ke2 Rc7 19. Bd3 Rac8 20. a5 g6
21. a6 bxa6 22. Rxa6 Rb8 23. Rha1 Bf6 24. Rxa7 Rxa7 25. Rxa7 Bg7 26. g3 Rb2+
27. Kf1 Rb8 28. Rd7 Rb3 29. Be4 Rb4 30. Bf3 Rb8 31. Ra7 Rd8 32. Ra8 Rxa8 33.
Bxa8 Kf8 34. Ke2 Ke7 35. f4 h6 36. g4 Kd6 37. Kd3 f6 38. e4 e5 39. fxe5+ fxe5
40. d5 Kc5 41. g5 hxg5 42. Ke3 g4 43. Kf2 Bh6 44. Kg3 Bf4+ 45. Kxg4 Bxh2 46.
Kg5 Kd6 47. Kxg6 Bf4 1/2-1/2

[Event "15. Obert Int. Sant Martí 2013 - B"]
[Site "Barcelona ESP"]
[Date "2013.07.21"]
[Round "9.66"]
[White "Quemades Schmid, Ricardo"]
[Black "Bienvenido Kleque, Jose"]
[Result "1/2-1/2"]
[WhiteElo "1481"]
[BlackElo "1513"]
[PlyCount "54"]
[EventDate "2013.07.13"]
[EventType "swiss"]
[EventRounds "9"]
[EventCountry "ESP"]
[SourceTitle "Ajedrez en Madrid"]
[Source "lmi"]
[SourceDate "2013.07.13"]
[SourceVersion "1"]
[SourceVersionDate "2019.06.21"]
[SourceQuality "1"]

1. d4 d5 2. Nf3 Nf6 3. Bf4 e6 4. e3 Bd6 5. Bg3 Bxg3 6. hxg3 h6 7. Nbd2 Nbd7 8.
Ne5 c6 9. c3 Qc7 10. Ndf3 Nxe5 11. Nxe5 Nd7 12. Nxd7 Qxd7 13. Qg4 Kf8 14. Bd3
Qe7 15. Qf3 e5 16. dxe5 Qxe5 17. O-O-O Be6 18. Rh5 Qd6 19. Kb1 Qe7 20. Bf5
Bxf5+ 21. Rxf5 Qe6 22. Rd4 f6 23. e4 dxe4 24. Rxe4 Qd7 25. Rff4 Re8 26. Kc2
Rxe4 27. Qxe4 Kf7 1/2-1/2

[Event "15. Obert Int. Sant Martí 2013 - B"]
[Site "Barcelona ESP"]
[Date "2013.07.21"]
[Round "9.69"]
[White "Pascual Duran, Pau"]
[Black "Orts Gonzalez, Rafael"]
[Result "1-0"]
[WhiteElo "1473"]
[BlackElo "1269"]
[PlyCount "73"]
[EventDate "2013.07.13"]
[EventType "swiss"]
[EventRounds "9"]
[EventCountry "ESP"]
[SourceTitle "Ajedrez en Madrid"]
[Source "lmi"]
[SourceDate "2013.07.13"]
[SourceVersion "1"]
[SourceVersionDate "2019.06.21"]
[SourceQuality "1"]

1. e4 e5 2. Nf3 d6 3. d4 Be7 4. c3 g5 5. Be2 Nf6 6. Nbd2 h5 7. Nxg5 Rg8 8. Ndf3
Bg4 9. Qb3 d5 10. dxe5 Bxf3 11. Bxf3 Nxe4 12. Nxe4 dxe4 13. Bxe4 Nd7 14. Qxb7
Nb6 15. Qc6+ Qd7 16. O-O Kd8 17. Qxd7+ Kxd7 18. Bxa8 Rxa8 19. Bf4 Ke6 20. Rad1
h4 21. Rd3 Nd5 22. Bh6 Rh8 23. Bc1 Rh5 24. f4 Rf5 25. c4 Bc5+ 26. Kh1 Nb4 27.
Rd8 Nxa2 28. Bd2 Be7 29. Ra8 Bc5 30. Ba5 Bd4 31. Bxc7 Nb4 32. b3 Nc2 33. Rh8 f6
34. exf6 Bxf6 35. Rh7 Nd4 36. b4 Nc6 37. Re1+ 1-0